[Event "BLR-chT"]
[Site "Minsk"]
[Date "2017.05.08"]
[Round "1.2"]
[White "Russko, Irina"]
[Black "Kul, Ivan"]
[Result "1/2-1/2"]
[WhiteElo "1607"]
[BlackElo "2219"]
[PlyCount "63"]
[EventDate "2017.05.08"]
[EventType "team-swiss"]
[EventRounds "7"]
[EventCountry "BLR"]
[SourceTitle "CBM 178 Extra"]
[Source "ChessBase"]
[SourceDate "2017.06.22"]
[SourceVersion "1"]
[SourceVersionDate "2017.06.22"]
[SourceQuality "1"]
[WhiteTeam "Bgu"]
[BlackTeam "Vector"]
[WhiteTeamCountry "BLR"]
[BlackTeamCountry "BLR"]

1. e4 d5 2. exd5 Nf6 3. d4 Bg4 4. Be2 Bxe2 5. Nxe2 Qxd5 6. 0-0 Nc6 7. Nbc3 Qh5 8. d5 0-0-0 9. Nf4 Qxd1 10. Rxd1 Nb4 11. Rd2 g5 12. Nd3 Nxd3 13. Rxd3 h6 14. Be3 Bg7 15. Rad1 Rhe8 16. a4 a6 17. b4 e6 18. h3 Nxd5 19. Nxd5 exd5 20. Rxd5 c6 21. R5d3 Rxd3 22. Rxd3 Rd8 23. Kf1 Rxd3 24. cxd3 Bf8 25. Bc5 Bg7 26. Ke2 Kd7 27. Ke3 Ke6 28. f4 gxf4+ 29. Kxf4 f5 30. g4 Be5+ 31. Kf3 fxg4+ 32. Kxg4 1/2-1/2